Normal view
MARC view
- MS-TEE Thesis MS Thesis
Entry Topical Term
001 - CONTROL NUMBER
- control field: 116346
003 - CONTROL NUMBER IDENTIFIER
- control field: NUST
005 - DATE AND TIME OF LATEST TRANSACTION
- control field: 20230912165933.0
008 - FIXED-LENGTH DATA ELEMENTS
- fixed length control field: 230912|| aca||aabn | a|a d
040 ## - CATALOGING SOURCE
- Original cataloging agency: NUST
- Transcribing agency: NUST
150 ## - HEADING--TOPICAL TERM
- Topical term or geographic name entry element: MS-TEE Thesis MS Thesis
670 ## - SOURCE DATA FOUND
- Source citation: Work cat.: (NUST): Hafiza Mahreen Fatima ((00000119895) 116345, Design of a combined solar thermal water and space heating system for a commercial building in climatic conditions of Islamabad, Pakistan /, 2017
